000 00707cam a2200229 a 4500
020 _a155861107X (alk. paper)
020 _a1558611061 (alk. paper)
040 _cDLC
082 0 0 _a305 FEM 1995 A015 Or.
245 0 0 _aSeeds 2 :
_bsupporting women's work around the world /
246 3 _aSeeds two
260 _aNew York :
_bFeminist Press at the City University of New York,
_cc1995.
300 _axi, 241 p. :
_bill. ;
_c24 cm.
500 _aOriginally published in a pamphlet series Seeds.
650 0 _aWomen in development
650 0 _aBusinesswomen
650 0 _aWomen
650 0 _aWomen in community development
650 0 _aChild care services
700 1 _aLeonard, Ann,
942 _cEK
999 _c11363
_d11363